书目信息 |
| 题名: |
来自空中的爱:中央人民广博电台专家咨询热线
|
|
| 作者: | 于红 主编 | |
| 分册: | ||
| 出版信息: | 北京 科学普及出版社 1998.08 |
|
| 页数: | 477页 | |
| 开本: | 32开 | |
| 丛书名: | ||
| 单 册: | ||
| 中图分类: | G78 | |
| 科图分类: | ||
| 主题词: | 教育--类型 | |
| 电子资源: | ||
| ISBN: | 7-110-04478-5 | |
| 000 | 00625nam0 2200193 45 | |
| 001 | 0008051072 | |
| 005 | 20000619135307.1 | |
| 010 | @a7-110-04478-5@d23.00元 | |
| 100 | @a20000805d1998 km y0chiy0120 ea | |
| 101 | 0 | @achi |
| 105 | @a z 000yy | |
| 200 | 1 | @a来自空中的爱:中央人民广博电台专家咨询热线@ALai ZiKong Zhong De Ai:Zhong Yang Ren Min Guang Bo Dian Tai Zhuan Jia Zi Xun Re Xian@f于红主编@FYu Hong Zhu Bian |
| 210 | @a北京@c科学普及出版社@d1998.08 | |
| 215 | @a477页@d32开 | |
| 606 | 0 | @a教育@x类型 |
| 690 | @aG78@v3 | |
| 701 | 0 | @a于红@4主编 |
| 801 | @aCN@bPftUser@c20000805 | |
| 905 | @dG78@eY.294@b162082-086@f5 | |
| 来自空中的爱:中央人民广博电台专家咨询热线/于红主编.-北京:科学普及出版社,1998.08 |
| 477页;32开 |
| ISBN 7-110-04478-5:23.00元 |
| ● |
| 相关链接 |
|
|
|
正题名:来自空中的爱:中央人民广博电台专家咨询热
索取号:G78/Y.294
 
预约/预借
| 序号 | 登录号 | 条形码 | 馆藏地/架位号 | 状态 | 备注 |
| 1 | 162082 | 201620825 | 社科库409/422社科库 42排3列2层/ [索取号:G78/Y.294] | 在馆 | |
| 2 | 162083 | 201620834 | 社科二线422/422社科库 30排1列1层/ [索取号:G78/Y.294] | 在馆 | |
| 3 | 162084 | 201620843 | 社科库409/ [索取号:G78/Y.294] | 在馆 | |
| 4 | 162085 | 201620852 | 社科库409/409社科库 17排4列5层/ [索取号:G78/Y.294] | 在馆 | |
| 5 | 162086 | 201620861 | 社科库409/422社科库 33排1列2层/ [索取号:G78/Y.294] | 在馆 |